| 000 | 01297nam a22003738a 4500 | ||
|---|---|---|---|
| 001 | 014614544 | ||
| 003 | OSt | ||
| 005 | 20150115114411.0 | ||
| 008 | 080418r20081989xxkad fr2b f001 0 eng d | ||
| 020 | _a9780521070201 (pbk.) | ||
| 020 | _a0521070201 (pbk.) | ||
| 040 |
_aStDuBDS _beng _cStDuBDS _dEG-ScBUE |
||
| 043 |
_an-us--- _ae-ur--- |
||
| 082 | 0 | 0 |
_a335.437 _222 _bDOM |
| 100 | 1 |
_aDomar, Evsey D. _937180 |
|
| 245 | 1 | 0 |
_aCapitalism, socialism, and serfdom : _bessays / _cby Evsey D. Domar. |
| 250 |
_a1st ed., _breprinted. |
||
| 260 |
_aCambridge, United Kingdom ; _aNew York, United States : _bCambridge University Press, _c2008. |
||
| 300 |
_axix, 294 p. : _bcharts, tables ; _c23 cm. |
||
| 500 | _aReprint of the 1989 ed. | ||
| 500 | _aIndex : p. 289-294. | ||
| 504 | _aIncludes bibliographical references. | ||
| 650 | 0 |
_aComparative economics _920845 |
|
| 650 | 0 |
_aCapitalism _zUnited States _936655 |
|
| 650 | 0 |
_aCommunism _zSoviet Union _937181 |
|
| 650 | 0 |
_aCentral planning _zSoviet Union _937182 |
|
| 650 | 0 |
_aEconomic history _936878 |
|
| 650 | 0 |
_aSerfdom _zRussia _937183 |
|
| 651 | 0 |
_aUnited States _xEconomic policy _910599 |
|
| 651 | 0 |
_aSoviet Union _xEconomic policy _937184 |
|
| 653 |
_bBUSADM _cJanuary2015 |
||
| 655 |
_vreading book _934232 |
||
| 942 |
_2ddc _k335.437 DOM |
||
| 999 |
_c18884 _d18856 |
||